000 00987nam a22002177a 4500
999 _c58426
_d58426
005 20221107170620.0
008 220207s2019 enk||||| |||| 00| 0 eng d
020 _a9781138389519 X
041 _aeng
080 _a372.21 U-88
245 _aUsing Innovative Methods in Early Years Research:
_bBeyond the Conventional /
_cEdited by Zeta Brown, Helen Perkins.
264 _aLondon :
_b Routledge,
_c2019.
300 _a221 p.
_b24 cm.
653 _aინოვაციური მეთოდების გამოყენება ადრეული წლების კვლევაში
653 _aИспользование инновационных методов в исследованиях раннего возраста
653 _aპედაგოგიკა
653 _aПедагогика
700 _aBrown, Zeta
_eრედაქტორი
_913473
700 _a Perkins, Helen
_eრედაქტორი
_913474
942 _2udc
_cBK